000 00476nam a22001577a 4500
005 20231103181524.0
008 231103b |||||||| |||| 00| 0 eng d
082 _a658.3
_bTAK-H
100 _aTakeuchi,Riki
245 _aHow do w get from there to here
_bUndersatnding the black box in strategic HRM research form Resource Based and social eschenge Prespective
300 _a144
500 _aInclude Index
650 _aRefrence
700 _aRiki Takeuchi
999 _c34692
_d34692